00532nam a2200217Ia 4500003000400000005001700004008004100021020001800062040000700080041000800087082002100095100001500116245007100131250000600202260003200208300001500240365001400255650001200269650001500281700001800296OSt20250630095828.0210423s2009 xx 000 0 und d a9781405149358 cAL aeng a070.1223b GORM aLyn Gorman aMedia and society into the 21st centuryb: historical introduction a2 aU KbWiley- Blackwellc2009 avi,374bPB b2041cINR aGeneral aMass Media aMclean, David